000 00447nam a2200157 i 4500
001 69620
003 ES-MaACL
005 20230906170548.0
007 t|
008 040708s1970 sp ||||1| spa d
100 1 _aGarcía Fernández, José.
_954599
245 1 0 _aTauromaquia de el Cordobés /
_cJosé García Fernández.
260 _a[Sevilla :
_bECESA,
_c1970]
300 _a204 p., 26 lám. ;
_c19 cm.
852 _aES-MaACL
_jC-50577
_bR.73264
999 _c69620
_d69620